The theory of finite linear spaces : (Record no. 8479)
[ view plain ]
| 000 -LEADER | |
|---|---|
| fixed length control field | 01153pam a2200277 a 4500 |
| 001 - CONTROL NUMBER | |
| control field | 3925352 |
| 003 - CONTROL NUMBER IDENTIFIER | |
| control field | OSt |
| 005 - DATE AND TIME OF LATEST TRANSACTION | |
| control field | 20240614123957.0 |
| 008 - FIXED-LENGTH DATA ELEMENTS--GENERAL INFORMATION | |
| fixed length control field | 240614b |||||||| |||| 00| 0 eng d |
| 010 ## - LIBRARY OF CONGRESS CONTROL NUMBER | |
| LC control number | 92045860 |
| 020 ## - INTERNATIONAL STANDARD BOOK NUMBER | |
| International Standard Book Number | 0521333172 |
| 040 ## - CATALOGING SOURCE | |
| Transcribing agency | MUST |
| 082 00 - DEWEY DECIMAL CLASSIFICATION NUMBER | |
| Classification number | 512.52 BAT 1993. |
| 100 1# - MAIN ENTRY--PERSONAL NAME | |
| Personal name | Batten, Lynn Margaret. |
| 9 (RLIN) | 17227 |
| 245 14 - TITLE STATEMENT | |
| Title | The theory of finite linear spaces : |
| Remainder of title | combinatorics of points and lines / |
| Statement of responsibility, etc. | Lynn Margaret Batten, Albrecht Beutelspacher. |
| 260 ## - PUBLICATION, DISTRIBUTION, ETC. (IMPRINT) | |
| Place of publication, distribution, etc. | Cambridge, |
| -- | New York, |
| Name of publisher, distributor, etc. | Cambridge University, |
| Date of publication, distribution, etc. | 1993. |
| 300 ## - PHYSICAL DESCRIPTION | |
| Extent | x, 214 p. : |
| Other physical details | ill. ; |
| Dimensions | 24 cm. |
| 504 ## - BIBLIOGRAPHY, ETC. NOTE | |
| Bibliography, etc | Includes bibliographical references and index. |
| 650 #0 - SUBJECT ADDED ENTRY--TOPICAL TERM | |
| Topical term or geographic name as entry element | Vector spaces, |
| Source of heading or term | Mathematics. |
| 9 (RLIN) | 17206 |
| 700 1# - ADDED ENTRY--PERSONAL NAME | |
| Personal name | Beutelspacher, Albrecht. |
| 9 (RLIN) | 17228 |
| 740 0# - ADDED ENTRY--UNCONTROLLED RELATED/ANALYTICAL TITLE | |
| Uncontrolled related/analytical title | Finite linear spaces. |
| 856 42 - ELECTRONIC LOCATION AND ACCESS | |
| Materials specified | Publisher description |
| Uniform Resource Identifier | <a href="http://www.loc.gov/catdir/description/cam025/92045860.html">http://www.loc.gov/catdir/description/cam025/92045860.html</a> |
| 856 41 - ELECTRONIC LOCATION AND ACCESS | |
| Materials specified | Table of contents |
| Uniform Resource Identifier | <a href="http://www.loc.gov/catdir/toc/cam028/92045860.html">http://www.loc.gov/catdir/toc/cam028/92045860.html</a> |
| 942 ## - ADDED ENTRY ELEMENTS (KOHA) | |
| Source of classification or shelving scheme | Dewey Decimal Classification |
| Koha item type | Open Shelf |
| Withdrawn status | Lost status | Source of classification or shelving scheme | Damaged status | Not for loan | Home library | Current library | Date acquired | Source of acquisition | Inventory number | Total Checkouts | Full call number | Barcode | Date last seen | Price effective from | Koha item type |
|---|---|---|---|---|---|---|---|---|---|---|---|---|---|---|---|
| Dewey Decimal Classification | MUST Main Library | MUST Main Library | 14/06/2024 | Donation | 97/10872 | 512.52 BAT 1993. | 2024-20534 | 14/06/2024 | 14/06/2024 | Open Shelf |
